000 00410nam a2200181Ia 4500
005 20250603144800.0
008 250603s9999 xx 000 0 und d
020 _a0-19-422969-6
050 _aPZ 7 .V53 D43/
100 _aVicary, Tim
245 0 _aDeath in the freezer
260 _aOxford
260 _bOxford University Press
260 _c2000
300 _a48 p
650 _aOxford
942 _cBK
999 _c39936
_d39936